00720nam a2200205 a 450000100060000000300080000600500170001400800410003103500450007204000410011704100080015808200250016610000600019124500750025126000560032630000260038250400490040865000250045765000320048232755BD-RjUL20211209051905.0140428s1962 us b 001 0 eng d aOCLC 1025056 from rgo062a(BD-RjUL)32845 aIAUdOCLdWSUdBD-RjULbengcBD-RjUL aeng a915.6bGRM 19622231 aGrunebaum, Gustave E. vonq(Gustave Edmund),d1909-197210aModern Islam :bthe search for cultural identity /cG.E. von Grunebaum aBerkeley :bUniversity of California Press,cc1962. aviii, 303 p. ;c24 cm aIncludes bibliographic references and index. 0aIslamic civilization 0aNationalismzArab countries